Money, output, and the expected real interest rate.

Testovanie vyčlenenia oneskorenej miery rastu peňazí a výroby z regresných rovníc, so sériove korelovanými poruchami v predpokladanej strednej úrokovej miere. Autogonálnosť inflačnej prognostickej odchýlky na predom určené regresory. Rozbor dôsledkov testov pre jednotlivé modely reálnych obchodných...

Descrizione completa

Salvato in:
Dettagli Bibliografici
Autore principale: Diba, B.T
Altri autori: Oh, S.
Natura: Capitolo di libro
Lingua:inglese
Soggetti:
Tags: Aggiungi Tag
Nessun Tag, puoi essere il primo ad aggiungerne!!

MARC

LEADER 00000naa a2200000 4500
001 r007294
005 20221213084532.4
041 0 |a eng 
044 |a US 
245 1 0 |a Money, output, and the expected real interest rate.  |c B.T. Diba, S. Oh 
520 |a Testovanie vyčlenenia oneskorenej miery rastu peňazí a výroby z regresných rovníc, so sériove korelovanými poruchami v predpokladanej strednej úrokovej miere. Autogonálnosť inflačnej prognostickej odchýlky na predom určené regresory. Rozbor dôsledkov testov pre jednotlivé modely reálnych obchodných cyklov. 
610 2 0 |a peniaze 
610 2 0 |a výroba 
610 2 0 |a miera úroková 
610 2 0 |a metódy ekonomicko-matematické 
610 2 0 |a rovnice regresné 
610 2 0 |a regresia 
610 2 0 |a modely regresné 
100 1 |a Diba, B.T. 
700 1 |a Oh, S.